00822nam a22002177a 4500003000400000005001700004008004100021020001500062040001400077100002800091245009300119260002500212300001100237500014100248650003200389650003400421700002900455942001300484999001500497952009200512OSt20131204142148.0131030t1981 xxu||||| |||| 00| 0 eng d a9682409942 cCDMRbcat 94195aMier, Luis Javier aPeriodismo interpretativob: entrevistas con ocho escritores mexicanoscLuis Javier Mier aMexicobtrillac1981 a190 p. aEntrevistes a Gustavo Sainz, Juan Tovar, Ignacio Solares, René Avilés Fabila, Luis Carrión, Jorge Arturo Ojeda, Jorge Aguilar Mora0494368aEscriptorsvIntervius0493088aPeriodisme i literatura 94194aCarbonell, Dolores 2udccMON c6649d6649 00104070aCDMRbCDMRd2013-01-16l0oAm /4pCDMR13109231r2013-10-30w2013-10-30yMON